[Event "Contrecoeur-C"]
[Site "Contrecoeur CAN"]
[Date "2018.11.04"]
[Round "4.10"]
[White "Cormier, Benoit"]
[Black "Arcand, Pierre"]
[Result "1-0"]
[WhiteElo "1272"]
[BlackElo "1175"]
[PlyCount "77"]
[EventDate "2018.11.02"]
[EventType "swiss"]
[EventRounds "5"]
[EventCountry "CAN"]

1. e4 e5 2. Nf3 Nc6 3. Bb5 d6 4. O-O Bd7 5. Re1 Nf6 6. c3 Be7 7. h3 O-O 8. d4
exd4 9. cxd4 Nb4 10. Bxd7 Qxd7 11. a3 Nc6 12. Nc3 Na5 13. Bf4 Nh5 14. Bh2 g6
15. b4 Nc6 16. d5 Nb8 17. Qb3 Bf6 18. Rac1 Re8 19. a4 Be5 20. Nxe5 dxe5 21. Nb5
Na6 22. Red1 Nf6 23. f3 Qe7 24. Rc4 Rac8 25. Nxa7 Ra8 26. Nb5 c6 27. dxc6 bxc6
28. Nd6 Qa7+ 29. Kh1 Rad8 30. Nxe8 Rxd1+ 31. Qxd1 Nxe8 32. Qd8 Kf8 33. Bxe5 Qe7
34. Qxe7+ Kxe7 35. b5 cxb5 36. axb5 Ke6 37. Bg3 Nd6 38. Bxd6 Kxd6 39. bxa6 1-0

[Event "Contrecoeur-C"]
[Site "Contrecoeur CAN"]
[Date "2018.11.04"]
[Round "5.1"]
[White "Letarte-Lavoie, Francis"]
[Black "Cassista, Jeremie"]
[Result "1-0"]
[WhiteElo "1233"]
[BlackElo "1529"]
[PlyCount "111"]
[EventDate "2018.11.02"]
[EventType "swiss"]
[EventRounds "5"]
[EventCountry "CAN"]

1. e4 d6 2. d4 g6 3. Nc3 Nf6 4. Be3 Bg7 5. Qd2 Ng4 6. Bg5 O-O 7. f3 f6 8. h3
Nf2 9. Qxf2 fxg5 10. O-O-O e6 11. h4 gxh4 12. Qxh4 Qxh4 13. Rxh4 Bf6 14. Rh1
Nc6 15. Nb5 Rf7 16. c3 a6 17. Na3 b5 18. Nc2 Bd7 19. Nh3 Nd8 20. Nf2 Bg5+ 21.
Kb1 c5 22. dxc5 dxc5 23. Nd3 Bc8 24. Nxc5 Nb7 25. Nxb7 Bxb7 26. Be2 e5 27. Nb4
Rc7 28. Rd3 Rd8 29. Rxd8+ Bxd8 30. Rd1 Be7 31. Nc2 Kf7 32. Ne3 h5 33. c4 Bg5
34. Nd5 Bxd5 35. Rxd5 Ke6 36. c5 Rc6 37. b4 Be7 38. Kc2 Rc8 39. Kc3 Rb8 40. Bd1
Rd8 41. Bb3 Rxd5 42. exd5+ Kd7 43. d6 Bh4 44. Bc2 Be1+ 45. Kb3 a5 46. bxa5 Bxa5
47. Bxg6 h4 48. Be4 Bd2 49. a4 Be3 50. Kb4 bxa4 51. Bf5+ Kc6 52. Be4+ Kd7 53.
Kb5 Ke6 54. Kc6 Bd2 55. Bd5+ Kf6 56. Kd7 1-0

[Event "Contrecoeur-C"]
[Site "Contrecoeur CAN"]
[Date "2018.11.04"]
[Round "5.2"]
[White "Straehl, Patrick"]
[Black "Sonn, Eric"]
[Result "0-1"]
[WhiteElo "1439"]
[BlackElo "1479"]
[PlyCount "56"]
[EventDate "2018.11.02"]
[EventType "swiss"]
[EventRounds "5"]
[EventCountry "CAN"]

1. d4 Nf6 2. c4 g6 3. e3 Bg7 4. Nf3 c5 5. g3 O-O 6. Bg2 d5 7. cxd5 Nxd5 8. O-O
cxd4 9. exd4 Bf5 10. a3 Nd7 11. Re1 Rc8 12. b3 Bxb1 13. Rxb1 Nc3 14. Qd3 Nxb1
15. Qxb1 e6 16. Bf4 Qa5 17. a4 Nf6 18. Ne5 Nd5 19. Bxd5 Qxd5 20. Qd3 Rfd8 21.
Re4 f5 22. Re1 Qxd4 23. Qxd4 Rxd4 24. h4 Re4 25. Rxe4 fxe4 26. Nc4 Rd8 27. Nd6
e5 28. Nxb7 Rd1+ 0-1

[Event "Contrecoeur-C"]
[Site "Contrecoeur CAN"]
[Date "2018.11.04"]
[Round "5.3"]
[White "Couture-Harpin, Nicolas"]
[Black "Moreau, Michel"]
[Result "0-1"]
[WhiteElo "1510"]
[BlackElo "1419"]
[PlyCount "68"]
[EventDate "2018.11.02"]
[EventType "swiss"]
[EventRounds "5"]
[EventCountry "CAN"]

1. Nf3 d5 2. g3 c6 3. Bg2 Nf6 4. O-O Bf5 5. d3 e6 6. Nbd2 h6 7. c4 Be7 8. Re1
O-O 9. b3 Nbd7 10. Bb2 Qa5 11. e4 dxe4 12. dxe4 Bh7 13. e5 Ne8 14. Ne4 Rd8 15.
Qc2 Bxe4 16. Qxe4 Nc5 17. Qe3 Qc7 18. Rad1 b6 19. Nd4 Na6 20. Nxc6 Bc5 21. Bd4
Bxd4 22. Nxd4 Nb4 23. a3 Rxd4 24. Rxd4 Nc2 25. Qd3 Nxe1 26. Qe4 Nxg2 27. Kxg2
Qe7 28. b4 g6 29. Qc6 Qc7 30. Qe4 Ng7 31. Rd6 Rc8 32. h4 Nf5 33. Rd3 Qc6 34.
Rd8+ Kg7 0-1

[Event "Contrecoeur-C"]
[Site "Contrecoeur CAN"]
[Date "2018.11.04"]
[Round "5.5"]
[White "Hernandez, Juan Felipe"]
[Black "Podariu, Cristian"]
[Result "1-0"]
[WhiteElo "1556"]
[BlackElo "1465"]
[PlyCount "118"]
[EventDate "2018.11.02"]
[EventType "swiss"]
[EventRounds "5"]
[EventCountry "CAN"]

1. e4 c5 2. Nf3 e6 3. c3 a6 4. d4 cxd4 5. cxd4 Nf6 6. Bd3 Nc6 7. O-O d6 8. Nc3
b5 9. e5 Nd5 10. Nxd5 exd5 11. Bg5 Be7 12. Bxe7 Qxe7 13. exd6 Qxd6 14. Re1+ Ne7
15. Qe2 Ra7 16. Ng5 h6 17. Qh5 g6 18. Qh4 Qf6 19. Rac1 Bd7 20. Nf3 Qxh4 21.
Nxh4 Kf8 22. Nf3 Be6 23. Ne5 Kg7 24. Rc5 Rc8 25. Rec1 Rxc5 26. Rxc5 f6 27. Nc6
Nxc6 28. Rxc6 Bf7 29. Kf1 Be8 30. Rd6 g5 31. a3 Bf7 32. Ke2 Kf8 33. Rxf6 Re7+
34. Kd2 Re6 35. Rxe6 Bxe6 36. Kc3 Ke7 37. Kb4 Kf6 38. Kc5 h5 39. a4 bxa4 40.
Bxa6 Kf5 41. Bb5 Ke4 42. Bxa4 Kd3 43. Bd1 h4 44. h3 Kd2 45. Bf3 Ke1 46. b4 Kxf2
47. b5 Bxh3 48. gxh3 Kxf3 49. b6 g4 50. b7 g3 51. b8=Q g2 52. Qh2 Kf2 53. Kxd5
Kf1 54. Qf4+ Ke2 55. Qh2 Kf1 56. Ke4 g1=Q 57. Qxg1+ Kxg1 58. Kf3 Kh2 59. Kg4
Kg2 1-0

[Event "Contrecoeur-C"]
[Site "Contrecoeur CAN"]
[Date "2018.11.04"]
[Round "5.6"]
[White "Breton, Jules"]
[Black "Menard, Marc"]
[Result "0-1"]
[WhiteElo "1373"]
[BlackElo "1323"]
[PlyCount "106"]
[EventDate "2018.11.02"]
[EventType "swiss"]
[EventRounds "5"]
[EventCountry "CAN"]

1. c4 e5 2. g3 Nc6 3. Bg2 Nf6 4. Nc3 Bc5 5. e3 a6 6. Nge2 d6 7. d4 exd4 8. exd4
Ba7 9. O-O O-O 10. Be3 Re8 11. h3 h6 12. a3 g5 13. b4 Qe7 14. Re1 Qf8 15. b5
axb5 16. cxb5 Ne7 17. a4 Nf5 18. Bc1 Bb6 19. Bb2 Ba5 20. Qd3 Qg7 21. Rec1 Qg6
22. Qc2 Ra7 23. Qd1 Bd7 24. Qf1 c6 25. Rd1 d5 26. Rab1 Bc7 27. Ra1 Nd6 28. Rdc1
Nc4 29. Ba3 Nxa3 30. Rxa3 Bd6 31. Ra2 Bf5 32. Qd1 Ne4 33. a5 Rea8 34. Rca1 Qe6
35. g4 Bg6 36. Qc1 Qf6 37. Nxe4 Bxe4 38. Qc3 Kg7 39. Ng3 Bxg3 40. fxg3 cxb5 41.
Rf2 Qc6 42. Qd2 Qc7 43. Bxe4 dxe4 44. Kg2 Rxa5 45. Rxa5 Qxa5 46. Qe3 Re8 47. d5
b4 48. Qd4+ Kg8 49. Re2 b3 50. Kf2 e3+ 51. Kf3 b6 52. Qd1 Qb4 53. d6 Qe4# 0-1

[Event "Contrecoeur-C"]
[Site "Contrecoeur CAN"]
[Date "2018.11.04"]
[Round "5.8"]
[White "Pincince, Jacques"]
[Black "Jiang, Barron Jiyu"]
[Result "1-0"]
[WhiteElo "1516"]
[BlackElo "1422"]
[PlyCount "78"]
[EventDate "2018.11.02"]
[EventType "swiss"]
[EventRounds "5"]
[EventCountry "CAN"]

1. e4 c5 2. Nc3 e6 3. g3 Nc6 4. Bg2 Nf6 5. d3 Be7 6. f4 d6 7. Nf3 a6 8. h3 Qc7
9. Be3 b5 10. O-O O-O 11. Kh2 d5 12. exd5 exd5 13. Bf2 d4 14. Ne4 Re8 15. Re1
Bb7 16. Qd2 Rad8 17. Re2 Nd5 18. Rae1 Bf8 19. Ng1 h6 20. Qc1 c4 21. Nf3 Ndb4
22. a3 cxd3 23. Nf6+ gxf6 24. Rxe8 Rxe8 25. Rxe8 Nxc2 26. f5 Qd7 27. Re4 Ne5
28. Nxe5 fxe5 29. Rg4+ Kh7 30. f6 Bxg2 31. Kxg2 Qd5+ 32. Kg1 e4 33. Qd2 h5 34.
Rh4 Bh6 35. Qd1 Ne3 36. Rxh5 Nxd1 37. Rxd5 e3 38. Be1 d2 39. Bxd2 exd2 1-0

[Event "Contrecoeur-C"]
[Site "Contrecoeur CAN"]
[Date "2018.11.04"]
[Round "5.9"]
[White "Hu, Raymond"]
[Black "Cormier, Benoit"]
[Result "1-0"]
[WhiteElo "1393"]
[BlackElo "1272"]
[PlyCount "61"]
[EventDate "2018.11.02"]
[EventType "swiss"]
[EventRounds "5"]
[EventCountry "CAN"]

1. e4 c5 2. Nf3 Nc6 3. d4 cxd4 4. Nxd4 e5 5. Nf3 Nf6 6. Nc3 Bb4 7. Bd3 O-O 8.
O-O Bxc3 9. bxc3 h6 10. Be3 d6 11. h3 Be6 12. Qd2 Kh7 13. Rfe1 Qd7 14. Kh2 Rfd8
15. Qe2 Qc7 16. Kg1 d5 17. exd5+ g6 18. dxe6 fxe6 19. Nd2 Ne7 20. c4 Qd6 21. f3
Nf5 22. Ne4 Nxe4 23. Bxe4 Qc7 24. Bd3 b6 25. Bf2 Re8 26. Qxe5 Qxe5 27. Rxe5
Rac8 28. a4 Nd6 29. Rae1 Nxc4 30. Rxe6 Rxe6 31. Rxe6 1-0

[Event "Contrecoeur-C"]
[Site "Contrecoeur CAN"]
[Date "2018.11.04"]
[Round "5.10"]
[White "Perron, Bernard"]
[Black "Bilodeau-Savaria, Sandy-Rose"]
[Result "1-0"]
[WhiteElo "1248"]
[BlackElo "1187"]
[PlyCount "71"]
[EventDate "2018.11.02"]
[EventType "swiss"]
[EventRounds "5"]
[EventCountry "CAN"]

1. e4 c5 2. Bc4 e6 3. c3 Nc6 4. Nf3 Qc7 5. O-O Nf6 6. Qe2 Be7 7. d4 cxd4 8. e5
Ng4 9. h3 Ngxe5 10. cxd4 Nxf3+ 11. gxf3 Nxd4 12. Qd3 Nf5 13. Re1 a6 14. Bb3 b5
15. Qe4 Bb7 16. Qg4 O-O-O 17. Kg2 Kb8 18. Kg1 Rc8 19. Bf4 Bd6 20. Rc1 Qb6 21.
Bxd6+ Qxd6 22. Rxc8+ Kxc8 23. Nc3 Kb8 24. Rd1 Qc6 25. Qf4+ Ka7 26. Bc2 g6 27.
Bxf5 gxf5 28. Qd4+ Ka8 29. Qxh8+ Ka7 30. Qd4+ Ka8 31. Qxd7 Qxf3 32. Qd8+ Ka7
33. Nxb5+ axb5 34. Qa5+ Ba6 35. Rd7+ Kb8 36. Qc7+ 1-0

[Event "Contrecoeur-D"]
[Site "Contrecoeur CAN"]
[Date "2018.11.02"]
[Round "1.1"]
[White "Mai, Deren"]
[Black "Cossette-Labbe, Raphael"]
[Result "1-0"]
[WhiteElo "1196"]
[BlackElo "989"]
[PlyCount "45"]
[EventDate "2018.11.02"]
[EventType "swiss"]
[EventRounds "5"]
[EventCountry "CAN"]

1. e4 e5 2. Nf3 Nc6 3. Bc4 Be7 4. d3 d6 5. Be3 Nf6 6. Nc3 O-O 7. Qd2 Na5 8.
O-O-O Nxc4 9. dxc4 Ng4 10. Rdg1 Nxe3 11. Qxe3 h6 12. h4 Bg4 13. Nd5 Bxf3 14.
Nxe7+ Qxe7 15. gxf3 Qf6 16. Rh3 Kh8 17. Rg4 Rg8 18. Rhg3 c5 19. f4 Qe6 20. f5
Qxc4 21. Rxg7 Rxg7 22. Qxh6+ Rh7 23. Qf6+ 1-0

[Event "Contrecoeur-D"]
[Site "Contrecoeur CAN"]
[Date "2018.11.02"]
[Round "1.2"]
[White "Demers, Felix"]
[Black "Desjardins, Raymond"]
[Result "0-1"]
[WhiteElo "899"]
[BlackElo "1078"]
[PlyCount "60"]
[EventDate "2018.11.02"]
[EventType "swiss"]
[EventRounds "5"]
[EventCountry "CAN"]

1. e4 e5 2. Nf3 Nc6 3. Nc3 Bb4 4. a3 Bxc3 5. dxc3 Nf6 6. Bb5 O-O 7. O-O h6 8.
c4 Nxe4 9. Bxc6 dxc6 10. Nxe5 Qxd1 11. Rxd1 Nd6 12. c5 Ne4 13. b4 Nc3 14. Rd3
Ne2+ 15. Kf1 Nxc1 16. Rxc1 Bf5 17. Rdd1 Rad8 18. g3 Rxd1+ 19. Rxd1 Bxc2 20. Rd7
f6 21. Ng6 Bxg6 22. Rxc7 Bd3+ 23. Kg1 Ba6 24. a4 Rd8 25. h3 Rd1+ 26. Kh2 Kh7
27. b5 cxb5 28. axb5 Bxb5 29. Rxb7 Bc6 30. Rxa7 Rh1# 0-1

[Event "Contrecoeur-D"]
[Site "Contrecoeur CAN"]
[Date "2018.11.02"]
[Round "1.3"]
[White "Hu, Richard"]
[Black "Bilodeau-Savaria, Karl"]
[Result "1-0"]
[WhiteElo "1012"]
[BlackElo "894"]
[PlyCount "45"]
[EventDate "2018.11.02"]
[EventType "swiss"]
[EventRounds "5"]
[EventCountry "CAN"]

1. e4 e5 2. Nf3 Nc6 3. Nc3 Nf6 4. Bb5 Bb4 5. d3 d6 6. Be3 Bg4 7. O-O O-O 8. a3
Ba5 9. Re1 Qd7 10. Qe2 Rad8 11. b4 Bb6 12. Nd5 Nxd5 13. exd5 Nd4 14. Bxd4 Qxb5
15. Bxb6 Qxb6 16. Qe3 Qb5 17. c4 Qa4 18. b5 Rfe8 19. h3 Bf5 20. d4 e4 21. Nd2
Qc2 22. f3 exf3 23. Qxe8+ 1-0

[Event "Contrecoeur-D"]
[Site "Contrecoeur CAN"]
[Date "2018.11.03"]
[Round "2.3"]
[White "Cossette-Labbe, Raphael"]
[Black "Demers, Felix"]
[Result "1-0"]
[WhiteElo "989"]
[BlackElo "899"]
[PlyCount "53"]
[EventDate "2018.11.02"]
[EventType "swiss"]
[EventRounds "5"]
[EventCountry "CAN"]

1. d4 d5 2. c4 dxc4 3. Nc3 Bg4 4. Bf4 Nf6 5. Nf3 e6 6. e3 Bb4 7. Bxc4 Nc6 8.
O-O Nh5 9. h3 Bxf3 10. Qxf3 Nxf4 11. exf4 Qxd4 12. Rad1 Qxc4 13. f5 O-O 14. f6
g6 15. Rc1 Qxa2 16. Nxa2 Nd4 17. Qe4 Nb3 18. Qxb4 Nxc1 19. Rxc1 b6 20. Rxc7 h6
21. Nc3 g5 22. Ne4 Kh7 23. Nd6 Rab8 24. Rxf7+ Kg6 25. Qe4+ Kh5 26. Qf3+ Kg6 27.
Rg7# 1-0

[Event "Contrecoeur-D"]
[Site "Contrecoeur CAN"]
[Date "2018.11.03"]
[Round "3.1"]
[White "Mai, Deren"]
[Black "Hu, Richard"]
[Result "1/2-1/2"]
[WhiteElo "1196"]
[BlackElo "1012"]
[PlyCount "53"]
[EventDate "2018.11.02"]
[EventType "swiss"]
[EventRounds "5"]
[EventCountry "CAN"]

1. e4 c5 2. Nc3 d6 3. d3 Nf6 4. g3 Nc6 5. Bg2 g6 6. Nge2 Bg7 7. O-O O-O 8. f4
e6 9. h3 Nd7 10. Be3 Nb6 11. g4 f5 12. exf5 exf5 13. g5 Bd7 14. Ng3 Qe7 15. Re1
Qf7 16. Nb5 Nc8 17. c4 Nd8 18. Nc7 Rb8 19. Bxc5 Bc6 20. Bxd6 Nxd6 21. Nd5 Bxb2
22. Re7 Bxa1 23. Rxf7 Bd4+ 24. Kh2 Rxf7 25. h4 Rf8 26. h5 gxh5 27. Qxh5 1/2-1/2

[Event "Contrecoeur-D"]
[Site "Contrecoeur CAN"]
[Date "2018.11.03"]
[Round "3.2"]
[White "Cormier, Roger"]
[Black "Cossette-Labbe, Raphael"]
[Result "1-0"]
[WhiteElo "1010"]
[BlackElo "989"]
[PlyCount "89"]
[EventDate "2018.11.02"]
[EventType "swiss"]
[EventRounds "5"]
[EventCountry "CAN"]

1. e4 e5 2. Nf3 Nc6 3. Bc4 Be7 4. O-O Nf6 5. Re1 O-O 6. b4 Bxb4 7. c3 Bc5 8.
Na3 d6 9. Qb3 Qe7 10. h3 Na5 11. Qd1 Nxc4 12. Nxc4 Qe6 13. d3 Nh5 14. Ng5 Qd7
15. Qxh5 h6 16. Nf3 Qe6 17. Qh4 Qg6 18. g4 d5 19. Ncxe5 Qf6 20. Qh5 Be6 21.
exd5 Bxd5 22. Qf5 Qxf5 23. gxf5 Rae8 24. d4 Bd6 25. Nd7 Rxe1+ 26. Nxe1 Re8 27.
Nd3 Bc4 28. N3e5 Bd5 29. Bf4 f6 30. Nd3 Bxf4 31. Nxf4 Bc6 32. Nc5 b6 33. Nce6
Be4 34. Kh2 Bxf5 35. Nxc7 Re4 36. Ncd5 Kf7 37. Kg3 g5 38. Ng2 h5 39. Nde3 h4+
40. Kh2 Ke6 41. Rd1 g4 42. d5+ Ke5 43. Nxf5 Kxf5 44. hxg4+ Rxg4 45. Ne3+ 1-0

[Event "Contrecoeur-D"]
[Site "Contrecoeur CAN"]
[Date "2018.11.04"]
[Round "4.1"]
[White "Cormier, Roger"]
[Black "Mai, Deren"]
[Result "0-1"]
[WhiteElo "1010"]
[BlackElo "1196"]
[PlyCount "124"]
[EventDate "2018.11.02"]
[EventType "swiss"]
[EventRounds "5"]
[EventCountry "CAN"]

1. e4 e5 2. Nf3 Nc6 3. Bc4 Bc5 4. b4 Bxb4 5. c3 Ba5 6. d4 exd4 7. Nxd4 Nxd4 8.
Qxd4 Qf6 9. Qe3 Bb6 10. Qg3 Qg6 11. Qe5+ Ne7 12. O-O f6 13. Qf4 d6 14. Bb5+ c6
15. Bc4 d5 16. Bb3 O-O 17. Nd2 Kh8 18. Ba3 Re8 19. Rac1 dxe4 20. Nxe4 Nd5 21.
Bxd5 cxd5 22. Ng3 Rd8 23. Be7 Rd7 24. Rce1 Bc7 25. Qd2 Be5 26. Bc5 b6 27. Be3
Ba6 28. Ne2 Rc8 29. Rc1 Qh5 30. Ng3 Bxg3 31. fxg3 Bxf1 32. Rxf1 Rc4 33. Bd4 b5
34. Qf4 Qe8 35. Qf3 a5 36. h3 b4 37. Kh2 bxc3 38. Bxc3 d4 39. Bd2 Rc2 40. Rf2
Rxa2 41. Qf5 a4 42. Qd3 a3 43. Rf4 Rxd2 44. Qxd2 Qe3 45. Qb4 h6 46. Qb6 a2 47.
Qb8+ Kh7 48. Rf1 d3 49. Qb3 Qe2 50. Rd1 d2 51. Qc2+ g6 52. Ra1 d1=Q 53. Rxd1
Qxc2 54. Rxd7+ Kg8 55. Rd8+ Kf7 56. Rd7+ Ke8 57. Ra7 Qb2 58. Ra8+ Kd7 59. Ra7+
Kc6 60. Ra6+ Kb5 61. Re6 a1=Q 62. Re4 Qf1 0-1

[Event "Contrecoeur-D"]
[Site "Contrecoeur CAN"]
[Date "2018.11.03"]
[Round "4.3"]
[White "Bilodeau-Savaria, Karl"]
[Black "Demers, Felix"]
[Result "0-1"]
[WhiteElo "894"]
[BlackElo "899"]
[PlyCount "92"]
[EventDate "2018.11.02"]
[EventType "swiss"]
[EventRounds "5"]
[EventCountry "CAN"]

1. e4 e5 2. Nf3 Nc6 3. Nc3 Nf6 4. Bb5 Bb4 5. O-O Bxc3 6. bxc3 a6 7. Bc4 O-O 8.
Ba3 Ne7 9. d3 d6 10. Re1 Nc6 11. Rb1 Na5 12. Bd5 Nxd5 13. exd5 Bg4 14. d4 Bxf3
15. Qxf3 Nc4 16. Bc1 Ra7 17. Qg3 Qf6 18. Bg5 Qf5 19. Bh6 Qg6 20. Bc1 Rd8 21.
Re4 Qxg3 22. hxg3 f5 23. Rh4 h6 24. Rb4 b5 25. g4 fxg4 26. Rxg4 h5 27. Rg5 exd4
28. cxd4 Re8 29. Bf4 Re1+ 30. Kh2 Re4 31. Rf5 g6 32. Rf6 Kg7 33. Bg5 Rg4 34.
Rf3 Rxg5 35. Rbb3 Nd2 36. Rg3 Rxg3 37. Rxg3 Nf1+ 38. Kh3 Nxg3 39. Kxg3 g5 40.
f4 g4 41. Kh4 Kg6 42. g3 Ra8 43. c3 Re8 44. c4 Re2 45. f5+ Kh6 46. c5 Rh2# 0-1

[Event "Contrecoeur-D"]
[Site "Contrecoeur CAN"]
[Date "2018.11.04"]
[Round "4.4"]
[White "Cossette-Labbe, Raphael"]
[Black "Desjardins, Raymond"]
[Result "0-1"]
[WhiteElo "989"]
[BlackElo "1078"]
[PlyCount "60"]
[EventDate "2018.11.02"]
[EventType "swiss"]
[EventRounds "5"]
[EventCountry "CAN"]

1. d4 d5 2. c4 e6 3. Nf3 Nf6 4. Nc3 Bb4 5. Bg5 Nbd7 6. e3 h6 7. Bxf6 Bxc3+ 8.
bxc3 Nxf6 9. cxd5 Nxd5 10. Rc1 O-O 11. Bd3 Nf6 12. O-O Qd5 13. c4 Qa5 14. Qc2
c5 15. dxc5 Qxc5 16. Rfd1 b5 17. Qb1 b4 18. Nd2 Qh5 19. Nf3 Qc5 20. Qb2 a5 21.
Ne5 Nd7 22. Nxd7 Bxd7 23. Be4 Ba4 24. Rd2 Rad8 25. h3 Bc6 26. Bxc6 Qxc6 27.
Rcd1 Qa4 28. Rxd8 Rxd8 29. Rxd8+ Kh7 30. c5 g6 0-1

[Event "Contrecoeur-D"]
[Site "Contrecoeur CAN"]
[Date "2018.11.04"]
[Round "5.1"]
[White "Demers, Felix"]
[Black "Mai, Deren"]
[Result "0-1"]
[WhiteElo "899"]
[BlackElo "1196"]
[PlyCount "64"]
[EventDate "2018.11.02"]
[EventType "swiss"]
[EventRounds "5"]
[EventCountry "CAN"]

1. e4 e5 2. Nf3 Nc6 3. Nc3 Bc5 4. Bc4 d6 5. d3 Be6 6. Ng1 Nf6 7. Bxe6 fxe6 8.
Bg5 h6 9. Bxf6 Qxf6 10. Qe2 Nd4 11. Qh5+ g6 12. Qd1 O-O-O 13. f3 d5 14. a4 g5
15. Nh3 Bb4 16. O-O Qg6 17. Nb5 Bc5 18. Nxd4 Bxd4+ 19. Kh1 Bxb2 20. Rb1 Bd4 21.
c3 Bb6 22. d4 h5 23. Qc2 g4 24. fxg4 hxg4 25. Nf2 Qh5 26. h3 gxh3 27. gxh3 Qf3+
28. Kh2 exd4 29. cxd4 Bxd4 30. Rbc1 Be5+ 31. Kg1 Qg3+ 32. Kh1 Qh2# 0-1

[Event "Contrecoeur-D"]
[Site "Contrecoeur CAN"]
[Date "2018.11.04"]
[Round "5.2"]
[White "Hu, Richard"]
[Black "Cormier, Roger"]
[Result "1-0"]
[WhiteElo "1012"]
[BlackElo "1010"]
[PlyCount "105"]
[EventDate "2018.11.02"]
[EventType "swiss"]
[EventRounds "5"]
[EventCountry "CAN"]

1. e4 Nf6 2. Nc3 d6 3. Nf3 e5 4. Bc4 g6 5. d3 c6 6. Be3 Ng4 7. O-O Nxe3 8. fxe3
Bg7 9. d4 exd4 10. exd4 O-O 11. Qd2 h6 12. Rfe1 Qb6 13. Rab1 Nd7 14. a3 a5 15.
Kh1 Nf6 16. d5 Ng4 17. Re2 Qc7 18. dxc6 bxc6 19. h3 Ne5 20. Nxe5 dxe5 21. Rd1
Ba6 22. Bxa6 Rxa6 23. Qd7 Qb6 24. b3 Ra7 25. Qd3 Raa8 26. Qe3 Qc7 27. Qc5 Rad8
28. Rxd8 Rxd8 29. Rf2 Bf8 30. Qe3 Kg7 31. a4 Bb4 32. Na2 Bf8 33. Qf3 Rd7 34.
Nc1 Bc5 35. Rf1 Qa7 36. Qf6+ Kh7 37. Qxe5 Bd6 38. Qc3 Qc7 39. Nd3 Bf8 40. Nf2
Bb4 41. Qb2 Qg3 42. Ng4 Re7 43. Qc1 g5 44. Rf6 Re6 45. Rxf7+ Kg6 46. Qf1 Be7
47. Qf5+ Kh5 48. Qxe6 Qe1+ 49. Kh2 Bf6 50. Qxf6 Qg1+ 51. Kxg1 Kh4 52. Kh2 h5
53. Qf2# 1-0

[Event "Contrecoeur-D"]
[Site "Contrecoeur CAN"]
[Date "2018.11.04"]
[Round "5.4"]
[White "Desjardins, Raymond"]
[Black "Bilodeau-Savaria, Karl"]
[Result "1-0"]
[WhiteElo "1078"]
[BlackElo "894"]
[PlyCount "81"]
[EventDate "2018.11.02"]
[EventType "swiss"]
[EventRounds "5"]
[EventCountry "CAN"]

1. e4 e5 2. Nf3 Nc6 3. Bb5 Bb4 4. Bxc6 bxc6 5. Nxe5 Nf6 6. Nc3 Bxc3 7. dxc3
Nxe4 8. Qf3 Nf6 9. Bg5 Qe7 10. Qe3 h6 11. Bxf6 Qxf6 12. Ng4+ Qe7 13. Qxe7+ Kxe7
14. O-O-O Re8 15. Rhe1+ Kf8 16. Ne5 Re7 17. Re3 d6 18. Nxc6 Rxe3 19. fxe3 Bb7
20. Nd4 Bxg2 21. Nb5 c6 22. Nxd6 Bd5 23. b3 Rd8 24. Nc4 Re8 25. Kb2 Rxe3 26.
Nxe3 g6 27. Nxd5 cxd5 28. Rxd5 f5 29. Kc1 Ke7 30. c4 f4 31. Kd2 g5 32. h4 g4
33. Rf5 f3 34. Ke3 Ke6 35. Rf4 h5 36. c5 Kd7 37. Rf5 Kc6 38. Rxh5 Kb5 39. Rg5
f2 40. Kxf2 g3+ 41. Kxg3 1-0

[Event "Edmonton int."]
[Site "Edmonton CAN"]
[Date "2018.06.19"]
[Round "1"]
[White "Arruebarrena, Rafael"]
[Black "Ouellet, Maili-Jade"]
[Result "0-1"]
[WhiteElo "2267"]
[BlackElo "2249"]
[PlyCount "96"]
[EventDate "2018.06.19"]
[EventType "tourn"]
[EventRounds "9"]
[EventCountry "CAN"]

1. e4 c5 2. Nf3 e6 3. d4 cxd4 4. Nxd4 a6 5. Nc3 Qc7 6. Bd3 Nf6 7. O-O Nc6 8.
Be3 Ne5 9. h3 Bc5 10. Qe2 d6 11. f4 Ng6 12. Nb3 Bxe3+ 13. Qxe3 O-O 14. a4 b6
15. Rae1 Bb7 16. Rf2 Rac8 17. Qe2 Ra8 18. g4 Nd7 19. g5 d5 20. Qg4 dxe4 21.
Nxe4 Nc5 22. Nbxc5 bxc5 23. b3 Kh8 24. h4 Ne7 25. Ng3 Qc6 26. Be4 Qc7 27. Bxb7
Qxb7 28. h5 c4 29. bxc4 Qb4 30. Qe2 Nc6 31. f5 Qxa4 32. g6 Rae8 33. f6 gxf6 34.
Rxf6 fxg6 35. Rxf8+ Rxf8 36. Qxe6 Qxc2 37. Re2 Qc3 38. Kh2 Qf6 39. hxg6 hxg6
40. Re4 Kg7 41. Qd7+ Rf7 42. Qg4 Qf2+ 43. Kh3 Ne7 44. Re2 Qc5 45. Re6 a5 46.
Qe2 a4 47. Qb2+ Kg8 48. Qb5 Qc8 0-1

[Event "Edmonton int."]
[Site "Edmonton CAN"]
[Date "2018.06.19"]
[Round "1"]
[White "Findlay, Ian"]
[Black "Kleinman, Michael"]
[Result "0-1"]
[WhiteElo "2224"]
[BlackElo "2394"]
[PlyCount "118"]
[EventDate "2018.06.19"]
[EventType "tourn"]
[EventRounds "9"]
[EventCountry "CAN"]

1. e4 c6 2. d4 d5 3. Nc3 dxe4 4. Nxe4 Bf5 5. Ng3 Bg6 6. h4 h6 7. Nf3 e6 8. Ne5
Bh7 9. Bd3 Bxd3 10. Qxd3 Nd7 11. f4 Be7 12. Bd2 Nxe5 13. fxe5 Bxh4 14. O-O-O
Bxg3 15. Qxg3 Ne7 16. Qxg7 Rg8 17. Qh7 Qd5 18. Kb1 O-O-O 19. Qxf7 Nf5 20. Bb4
Rg7 21. Qh5 Rxg2 22. Qh3 Qe4 23. Qb3 Nxd4 24. Rxd4 Qxd4 25. Qxe6+ Qd7 26. Qxd7+
Kxd7 27. e6+ Kxe6 28. Rxh6+ Kf7 29. b3 Rd7 30. a4 Kg7 31. Re6 Kf7 32. Rh6 Rg6
33. Rh2 b6 34. Rh7+ Ke6 35. Rxd7 Kxd7 36. Kb2 c5 37. Bc3 Ke6 38. Bd2 Rf6 39.
Bg5 Rf3 40. Bd8 Kd5 41. Bc7 Kd4 42. Bb8 Rf7 43. Bh2 Rg7 44. Bf4 Ke4 45. Bd2 Kf3
46. Bc3 Re7 47. Bf6 Re6 48. Bg5 Ke2 49. Kc3 Kd1 50. Bf4 Re2 51. Bb8 Rxc2+ 52.
Kd3 Rd2+ 53. Kc4 Rd4+ 54. Kc3 Rd7 55. b4 cxb4+ 56. Kxb4 Kc2 57. a5 Rd4+ 58. Ka3
b5 59. Bxa7 Ra4# 0-1

[Event "Edmonton int."]
[Site "Edmonton CAN"]
[Date "2018.06.19"]
[Round "1"]
[White "Mikhalevski, Victor"]
[Black "Rozman, Levy"]
[Result "1/2-1/2"]
[WhiteElo "2581"]
[BlackElo "2400"]
[PlyCount "118"]
[EventDate "2018.06.19"]
[EventType "tourn"]
[EventRounds "9"]
[EventCountry "CAN"]

1. Nf3 d5 2. g3 c6 3. Bg2 Bg4 4. h3 Bh5 5. c4 e6 6. cxd5 exd5 7. O-O Nf6 8. d3
Nbd7 9. e4 Bxf3 10. Bxf3 dxe4 11. dxe4 Ne5 12. Bg2 Bc5 13. Qc2 Qe7 14. Kh1
O-O-O 15. Nc3 h6 16. b4 Bd4 17. Rb1 Qe6 18. Nd5 Kb8 19. Ne3 Bxe3 20. Bxe3 Nc4
21. Bf4+ Ka8 22. b5 g5 23. bxc6 Qxc6 24. Rfc1 gxf4 25. e5 f3 26. Bf1 Ne4 27.
Qxc4 Qxc4 28. Rxc4 Nd2 29. Re1 Nxc4 30. Bxc4 Rd7 31. Re3 Re8 32. g4 h5 33. Kh2
hxg4 34. Bb5 g3+ 35. Kxg3 Rg8+ 36. Kxf3 Rd4 37. Rb3 a6 38. Bd3 Rg5 39. Be4 Rxe5
40. Bxb7+ Ka7 41. Bc6 Re7 42. Kg3 Rd6 43. Bh1 Rg6+ 44. Kh2 a5 45. Rf3 f6 46.
Rf4 Re2 47. a4 Rb2 48. Bc6 Kb6 49. Be8 Rh6 50. Rf3 Re2 51. Bb5 Re5 52. Kg2 Re4
53. Bd7 Rg6+ 54. Kh2 Rd4 55. Be8 Rh6 56. Rb3+ Rb4 57. Rf3 Kc7 58. Rf5 Re4 59.
Bb5 Re5 1/2-1/2

[Event "Edmonton int."]
[Site "Edmonton CAN"]
[Date "2018.06.19"]
[Round "1"]
[White "Sambuev, Bator"]
[Black "Sevillano, Enrico"]
[Result "0-1"]
[WhiteElo "2524"]
[BlackElo "2461"]
[PlyCount "70"]
[EventDate "2018.06.19"]
[EventType "tourn"]
[EventRounds "9"]
[EventCountry "CAN"]

1. Nf3 d5 2. c4 c6 3. e3 Nf6 4. b3 g6 5. Bb2 Bg7 6. d3 O-O 7. Nbd2 Bg4 8. Qc2
Nbd7 9. Ng5 h6 10. h3 hxg5 11. hxg4 Nxg4 12. Be2 Bxb2 13. Qxb2 Ngf6 14. g4 e5
15. f4 Qe7 16. fxg5 Nh7 17. cxd5 cxd5 18. Bf3 Nxg5 19. Bxd5 Qc5 20. Bxb7 Qxe3+
21. Kd1 Rad8 22. Ba6 Nc5 23. Re1 Qf4 24. Rc1 Qxg4+ 25. Re2 Nxa6 26. Rc4 Rd4 27.
Qa3 Rxc4 28. Nxc4 Nf3 29. Kc1 Qg1+ 30. Kb2 Nc5 31. b4 Rb8 32. Re3 Nd2 33. Kc2
Nxc4 34. dxc4 Qf2+ 35. Kc1 Qf1+ 0-1